[Event "Politiken Cup 2013"]
[Site "Helsingør "]
[Date "2013.07.28"]
[Round "2.34"]
[White "Segovia Sanchez, Antonio"]
[Black "Arvola, Benjamin"]
[Result "0-1"]
[WhiteElo "2059"]
[BlackElo "2347"]
[PlyCount "102"]
[EventDate "2013.07.27"]

1. d4 Nf6 2. Bf4 e6 3. e3 b6 4. Nf3 Bb7 5. Nbd2 Be7 6. h3 O-O 7. c3 c5 8. Bd3
Nc6 9. O-O d6 10. Qe2 cxd4 11. exd4 Re8 12. Rad1 Bf8 13. Ne4 h6 14. Rfe1 Rc8
15. Bh2 Na5 16. Nfd2 Nxe4 17. Nxe4 Bd5 18. Bb1 f5 19. Nd2 Qg5 20. f3 Qd8 21.
Qf2 Be7 22. Nf1 Bh4 23. Bg3 Bxg3 24. Qxg3 Qg5 25. Qxg5 hxg5 26. Ne3 Bb7 27. Bd3
f4 28. Ng4 Bd5 29. Bb1 b5 30. a3 Nc4 31. Re2 a5 32. Bg6 Re7 33. Nf2 b4 34. axb4
axb4 35. Be4 Ne3 36. Rc1 Rec7 37. Bxd5 exd5 38. Nd1 bxc3 39. bxc3 Nf5 40. Rb1
Ra8 41. Kf2 Ng3 42. Rc2 Re7 43. c4 dxc4 44. Nc3 Rae8 45. Rd1 Re3 46. Rdc1 Rd3
47. d5 Ree3 48. Ne4 Nxe4+ 49. fxe4 c3 50. Kf1 Kf7 51. Re1 Kf6 0-1

[Event "Politiken Cup 2013"]
[Site "Helsingør "]
[Date "2013.07.28"]
[Round "2.35"]
[White "Ochsner, Bjorn Moller"]
[Black "Carnstam, Tomas"]
[Result "1-0"]
[WhiteElo "2343"]
[BlackElo "2052"]
[PlyCount "65"]
[EventDate "2013.07.27"]

1. e4 c5 2. Nf3 Nc6 3. d4 cxd4 4. Nxd4 e5 5. Nb5 a6 6. Nd6+ Bxd6 7. Qxd6 Qf6 8.
Qd1 Qg6 9. Nc3 d5 10. Nxd5 Qxe4+ 11. Be3 Nd4 12. Nc7+ Ke7 13. Rc1 Bg4 14. Qd3
Qxd3 15. Bxd3 Rd8 16. h3 Bh5 17. f4 Kd6 18. Nxa6 bxa6 19. g4 Bg6 20. f5 h5 21.
c3 Nb5 22. fxg6 hxg4 23. Bxb5 axb5 24. Rd1+ Kc7 25. Bb6+ Kxb6 26. Rxd8 fxg6 27.
O-O gxh3 28. Kh2 g5 29. Rff8 g4 30. Rxg8 Rh7 31. Rh8 Rxh8 32. Rxh8 Kc5 33. Kg3
1-0

[Event "Politiken Cup 2013"]
[Site "Helsingør "]
[Date "2013.07.28"]
[Round "2.36"]
[White "Stray, Gunnar"]
[Black "Saduakassova, Dinara"]
[Result "0-1"]
[WhiteElo "2056"]
[BlackElo "2340"]
[PlyCount "58"]
[EventDate "2013.07.27"]

1. d4 Nf6 2. Nf3 g6 3. c4 Bg7 4. Nc3 d5 5. e3 O-O 6. cxd5 Nxd5 7. Bc4 Nxc3 8.
bxc3 c5 9. O-O Qc7 10. Qe2 b6 11. h3 Bb7 12. Bb2 Nd7 13. Rfc1 e5 14. dxe5 Nxe5
15. Nxe5 Qxe5 16. Ba6 Be4 17. Rd1 Qg5 18. f3 Bf5 19. Rd5 Qg3 20. Qf2 Qxf2+ 21.
Kxf2 Be6 22. Rdd1 b5 23. Bb7 Rad8 24. Ke1 b4 25. Rxd8 Rxd8 26. a4 bxc3 27. Ba3
c2 28. Rc1 Bb3 29. f4 Bc3+ 0-1

[Event "Politiken Cup 2013"]
[Site "Helsingør "]
[Date "2013.07.28"]
[Round "2.39"]
[White "Colpe, Malte"]
[Black "Skovgaard, Ib"]
[Result "0-1"]
[WhiteElo "2311"]
[BlackElo "2036"]
[PlyCount "80"]
[EventDate "2013.07.27"]

1. d4 d5 2. c4 c6 3. Nf3 Nf6 4. Nc3 dxc4 5. a4 Bg4 6. Ne5 Bh5 7. f3 e6 8. g4
Bg6 9. h4 c5 10. dxc5 Nc6 11. Nxc6 Qc7 12. Qd4 Qg3+ 13. Qf2 Qxf2+ 14. Kxf2
Bxc5+ 15. Kg3 bxc6 16. e4 h5 17. g5 Nd7 18. Bxc4 Ne5 19. Be2 Rd8 20. Bf4 f6 21.
Rhd1 Ke7 22. a5 Nf7 23. Na4 Bd4 24. Rac1 fxg5 25. hxg5 Be5 26. Rxd8 Rxd8 27.
Rxc6 h4+ 28. Kg4 Bh5+ 29. Kxh5 Bxf4 30. Ra6 Ne5 31. Rxa7+ Kd6 32. Ra6+ Kc7 33.
Rxe6 Rh8+ 34. Rh6 gxh6 35. g6 Nxg6 36. Nc5 h3 37. Bf1 h2 38. Bg2 Bd6 39. Ne6+
Kd7 40. Kxg6 Kxe6 0-1

[Event "Politiken Cup 2013"]
[Site "Helsingør "]
[Date "2013.07.28"]
[Round "2.38"]
[White "Marder, Simon"]
[Black "Bekker-Jensen, David"]
[Result "0-1"]
[WhiteElo "2049"]
[BlackElo "2310"]
[PlyCount "110"]
[EventDate "2013.07.27"]

1. d4 Nf6 2. Nc3 d5 3. Bg5 Nbd7 4. f3 g6 5. e4 dxe4 6. fxe4 c6 7. Nf3 h6 8. Be3
Bg7 9. h3 O-O 10. Qd2 Kh7 11. e5 Nd5 12. Nxd5 cxd5 13. Bd3 Nb6 14. b3 f5 15.
O-O Be6 16. a4 Rc8 17. h4 Bf7 18. g3 e6 19. a5 Na8 20. c4 Nc7 21. Rfc1 Be8 22.
Ne1 Rg8 23. Ng2 Bf8 24. Kf2 Bc6 25. Nf4 Qd7 26. Rg1 Rd8 27. c5 Bb5 28. b4 Bg7
29. h5 g5 30. Nh3 Kh8 31. Nxg5 Bxd3 32. Qxd3 hxg5 33. Bxg5 Bxe5 34. Bxd8 Bg7
35. Bg5 Nb5 36. Be3 a6 37. g4 f4 38. Bxf4 Bxd4+ 39. Be3 Bxa1 40. Rxa1 Rxg4 41.
Rg1 Qf7+ 42. Ke2 Qxh5 43. Rxg4 Qxg4+ 44. Kf1 Qf5+ 45. Qxf5 exf5 46. Ke2 Kg7 47.
Kd3 Kf6 48. Bf4 Na7 49. Kd4 Ke6 50. Bd2 Nc6+ 51. Kd3 Ke5 52. Ke3 d4+ 53. Kd3
Kd5 54. Be1 Ne5+ 55. Kc2 Kc4 0-1

[Event "Politiken Cup 2013"]
[Site "Helsingør "]
[Date "2013.07.28"]
[Round "2.77"]
[White "Cherednichenko, Svetlana"]
[Black "Andersen, Daniel"]
[Result "1/2-1/2"]
[WhiteElo "2290"]
[BlackElo "1917"]
[PlyCount "71"]
[EventDate "2013.07.27"]

1. d4 e6 2. Nf3 f5 3. g3 d5 4. b3 c6 5. Bg2 Bd6 6. O-O Qe7 7. a4 Nf6 8. Ba3
Bxa3 9. Nxa3 a5 10. c4 b6 11. Ne5 Bb7 12. Nc2 Na6 13. Ne1 O-O 14. N1d3 Rac8 15.
e3 Rfd8 16. Qe2 c5 17. Qb2 Ne4 18. Rfd1 Nb4 19. Rac1 Nxd3 20. Nxd3 Rc7 21. Ne5
Nf6 22. Rc2 Rdc8 23. Rdc1 Nd7 24. Nd3 Nb8 25. dxc5 bxc5 26. cxd5 Bxd5 27. Bxd5
exd5 28. Qc3 Qe4 29. Nf4 Nd7 30. Qxa5 Ne5 31. Rxc5 Nf3+ 32. Kg2 Ng5+ 33. Kg1
Nf3+ 34. Kg2 Ng5+ 35. Kg1 Nf3+ 36. Kg2 1/2-1/2

[Event "Politiken Cup 2013"]
[Site "Helsingør "]
[Date "2013.07.28"]
[Round "2.41"]
[White "Taksrud, Vidar"]
[Black "Haugli, Petter"]
[Result "1/2-1/2"]
[WhiteElo "2035"]
[BlackElo "2287"]
[PlyCount "49"]
[EventDate "2013.07.27"]

1. d4 Nf6 2. Nf3 g6 3. g3 Bg7 4. Bg2 O-O 5. O-O c5 6. Nc3 cxd4 7. Nxd4 Nc6 8.
Nxc6 bxc6 9. e4 e5 10. b3 Qa5 11. Bb2 Re8 12. Re1 Bb7 13. Na4 Bf8 14. c4 d6 15.
Bc3 Qc7 16. Qd2 Bc8 17. Rac1 Be6 18. c5 d5 19. Bxe5 Qxe5 20. exd5 Qc7 21. dxe6
fxe6 22. Qd4 Nd5 23. Bxd5 exd5 24. b4 Bg7 25. Qd3 1/2-1/2

[Event "Politiken Cup 2013"]
[Site "Helsingør "]
[Date "2013.07.28"]
[Round "2.42"]
[White "Lindgren, Philip"]
[Black "Johansson, Alexander"]
[Result "1-0"]
[WhiteElo "2287"]
[BlackElo "2022"]
[PlyCount "77"]
[EventDate "2013.07.27"]

1. d4 Nf6 2. c4 g6 3. Nc3 Bg7 4. Nf3 O-O 5. Bg5 d6 6. e3 c5 7. d5 e6 8. Nd2
exd5 9. cxd5 a6 10. a4 Qc7 11. Be2 Nbd7 12. h3 b6 13. O-O Re8 14. Qc2 h6 15.
Bh4 Bb7 16. e4 Rac8 17. Bg3 Ne5 18. f4 Ned7 19. Nc4 Nh7 20. Rad1 Bd4+ 21. Kh1
Nhf6 22. Bf3 Bxc3 23. bxc3 b5 24. Ne3 c4 25. axb5 axb5 26. Ng4 Nh5 27. Nxh6+
Kg7 28. Bxh5 Nf6 29. Bf3 Kxh6 30. e5 Nd7 31. Bg4 Nc5 32. Bxc8 Bxc8 33. f5 dxe5
34. fxg6 fxg6 35. Rf6 Qg7 36. Rdf1 Bf5 37. Qxf5 Nd7 38. Bh4 Kh7 39. Rxg6 1-0

[Event "Politiken Cup 2013"]
[Site "Helsingør "]
[Date "2013.07.28"]
[Round "2.43"]
[White "Pedersen, Jan Kaas"]
[Black "Englert, Fabian"]
[Result "0-1"]
[WhiteElo "2018"]
[BlackElo "2282"]
[PlyCount "78"]
[EventDate "2013.07.27"]

1. d4 d5 2. Nf3 Nf6 3. Bg5 Ne4 4. Bf4 c5 5. c3 Qb6 6. Qb3 c4 7. Qxb6 axb6 8.
Nbd2 Nf6 9. e3 b5 10. Be2 Nc6 11. Ne5 h6 12. O-O Bf5 13. Nxc6 bxc6 14. a3 e6
15. f3 Kd7 16. Be5 Be7 17. Bxf6 Bxf6 18. e4 Bh7 19. e5 Be7 20. f4 c5 21. Nf3 b4
22. axb4 cxb4 23. Kf2 Rhb8 24. Ke3 b3 25. Nd2 Ra2 26. Bxc4 dxc4 27. Nxc4 Ke8
28. Rxa2 bxa2 29. Ra1 Bb1 30. Kd2 g5 31. g3 Kd7 32. Kc1 gxf4 33. gxf4 Rg8 34.
b4 Rg2 35. Na3 Rxh2 36. Nxb1 axb1=Q+ 37. Kxb1 Rh1+ 38. Kb2 Rxa1 39. Kxa1 h5 0-1

[Event "Politiken Cup 2013"]
[Site "Helsingør "]
[Date "2013.07.28"]
[Round "2.44"]
[White "Hobber, Anders"]
[Black "Tandrup, Michael"]
[Result "1-0"]
[WhiteElo "2278"]
[BlackElo "2018"]
[PlyCount "101"]
[EventDate "2013.07.27"]

1. d4 Nf6 2. Nf3 e6 3. c3 b6 4. Bg5 Bb7 5. Nbd2 d5 6. e3 c5 7. Ne5 a6 8. Bd3
Nbd7 9. f4 Be7 10. Qf3 Rc8 11. O-O O-O 12. a4 Ne8 13. Qh3 f5 14. Bxe7 Qxe7 15.
Nxd7 Qxd7 16. Nf3 Qe7 17. g4 g6 18. Ne5 Nd6 19. gxf5 exf5 20. Kh1 c4 21. Bc2
Rf6 22. Rg1 Rcf8 23. Rg2 Nf7 24. Rag1 Nxe5 25. fxe5 R6f7 26. Qh6 Rg7 27. h4 Bc6
28. Qf4 Qe6 29. h5 Be8 30. Bd1 Kh8 31. hxg6 hxg6 32. Rh2+ Rh7 33. Rxh7+ Kxh7
34. Rg2 Kg7 35. Rh2 Rh8 36. Rxh8 Kxh8 37. Qh6+ Kg8 38. Kg2 b5 39. axb5 axb5 40.
Kg3 Qf7 41. Bf3 Qe6 42. Qg5 Kg7 43. Qd8 Bf7 44. Kf4 Bg8 45. Kg5 Bf7 46. Bg2 Kh7
47. Bf3 Bg8 48. Qd6 Qf7 49. Bxd5 Qxd5 50. Qxg6+ Kh8 51. Qf6+ 1-0

[Event "Politiken Cup 2013"]
[Site "Helsingør "]
[Date "2013.07.28"]
[Round "2.45"]
[White "Spanton, Tim R"]
[Black "Schmidt, Kresten"]
[Result "0-1"]
[WhiteElo "2015"]
[BlackElo "2272"]
[PlyCount "100"]
[EventDate "2013.07.27"]

1. e4 c5 2. d4 cxd4 3. Nf3 Nc6 4. Bc4 e6 5. O-O Nf6 6. Qe2 Nxe4 7. Qxe4 d5 8.
Bxd5 Qxd5 9. Qxd5 exd5 10. Re1+ Be7 11. Na3 a6 12. b3 Bg4 13. Ne5 Nxe5 14. Rxe5
Be6 15. Bb2 Rc8 16. f4 Bd6 17. Re2 Bxf4 18. Bxd4 O-O 19. Rf1 Bd6 20. Nb1 Rfe8
21. Rfe1 b5 22. c3 a5 23. a3 b4 24. cxb4 axb4 25. a4 Bc5 26. Rd2 Kf8 27. Kf2
Bf5 28. Rxe8+ Kxe8 29. Bxc5 Rxc5 30. Re2+ Kd7 31. Nd2 Bg4 32. Re5 f6 33. Re1
Kd6 34. Re8 Rc2 35. Rd8+ Ke5 36. Ke1 Kd4 37. Rb8 Rc1+ 38. Kf2 Kc3 39. a5 Kxd2
40. Rxb4 Bc8 41. Ra4 Rc6 42. b4 Ba6 43. b5 Bxb5 44. Rd4+ Bd3 45. Rxd5 Re6 46.
Rd7 g5 47. g3 h5 48. h4 Re2+ 49. Kf3 g4+ 50. Kf4 Rf2# 0-1

[Event "Politiken Cup 2013"]
[Site "Helsingør "]
[Date "2013.07.28"]
[Round "2.46"]
[White "Larsen, Karsten"]
[Black "Svedberg, Hans"]
[Result "1-0"]
[WhiteElo "2270"]
[BlackElo "2011"]
[PlyCount "81"]
[EventDate "2013.07.27"]

1. e4 d6 2. d4 Nf6 3. Bd3 e5 4. c3 d5 5. dxe5 Nxe4 6. Nf3 Be7 7. O-O Nc5 8. Bc2
Bg4 9. Nbd2 Nc6 10. Qe1 d4 11. Nxd4 Nxd4 12. cxd4 Qxd4 13. Nb3 Nxb3 14. Bxb3
O-O 15. Qe3 Qxe3 16. Bxe3 c5 17. f3 Be6 18. Bxe6 fxe6 19. Rac1 b6 20. Kf2 Rad8
21. Ke2 Rd5 22. f4 g6 23. b3 Rfd8 24. Kf3 Rd3 25. Ke4 a5 26. Rf2 Kf7 27. g4 Kg8
28. Rcc2 Rd1 29. Rfd2 R1xd2 30. Rxd2 Kf7 31. Rxd8 Bxd8 32. f5 gxf5+ 33. gxf5
Bh4 34. a4 Bd8 35. Bd2 exf5+ 36. Kxf5 Bc7 37. Bf4 Ke7 38. h3 Bb8 39. Bg5+ Ke8
40. Ke6 h5 41. Kd5 1-0

[Event "Politiken Cup 2013"]
[Site "Helsingør "]
[Date "2013.07.28"]
[Round "2.47"]
[White "Hyldkrog, Lars"]
[Black "Stojanovski, Sandi"]
[Result "0-1"]
[WhiteElo "2009"]
[BlackElo "2270"]
[PlyCount "170"]
[EventDate "2013.07.27"]

1. e4 c5 2. Nf3 Nc6 3. d4 cxd4 4. Nxd4 Nf6 5. Nc3 e5 6. Ndb5 d6 7. Bg5 a6 8.
Na3 b5 9. Nd5 Be7 10. Bxf6 Bxf6 11. c4 b4 12. Nc2 a5 13. g3 O-O 14. Bg2 Be6 15.
O-O Rc8 16. Qd3 Bxd5 17. cxd5 Nd4 18. Nxd4 exd4 19. a3 bxa3 20. Rxa3 Rc5 21.
Rfa1 Qb6 22. Rb3 Qc7 23. Bh3 g6 24. Qd2 Rc2 25. Qxa5 Qc4 26. Qb5 Qxb5 27. Rxb5
d3 28. Rd1 Bd4 29. Rxd3 Bxf2+ 30. Kh1 Re8 31. Rc3 Rxc3 32. bxc3 Rxe4 33. Bf1
Bc5 34. Rb2 Kg7 35. Kg2 h5 36. c4 Re1 37. Rc2 g5 38. h3 Bd4 39. Rd2 Bc5 40. Rc2
Re3 41. Re2 Rc3 42. Re4 Kg6 43. Be2 Bb6 44. Bf1 Bd8 45. Re2 Bf6 46. Rf2 Bd4 47.
Rf3 Rc2+ 48. Kh1 Kg7 49. Rf5 f6 50. Rf3 Rb2 51. Rd3 Be5 52. Rf3 Kf7 53. Kg1 Ke7
54. Kh1 Kd8 55. Rd3 Kc7 56. g4 h4 57. Rf3 Kb6 58. Rd3 Kc5 59. Rf3 Kd4 60. Ra3
Rf2 61. Kg1 Rf4 62. Rb3 f5 63. gxf5 Rxf5 64. Kg2 Rf4 65. Be2 Rf8 66. Rd3+ Kc5
67. Rb3 Bg3 68. Rf3 Ra8 69. Rb3 Be5 70. Rf3 Ra1 71. Rb3 Re1 72. Kf2 Rh1 73. Kg2
Rh2+ 74. Kf1 Bg3 75. Rf3 Rxh3 76. Rf5 Bf4 77. Rf8 Rc3 78. Rh8 h3 79. Kg1 g4 80.
Rh4 Rc1+ 81. Bf1 Be3+ 82. Kh2 Rxf1 83. Rxg4 Rf3 84. Rh4 Bf4+ 85. Kh1 Rf1# 0-1

[Event "Politiken Cup 2013"]
[Site "Helsingør "]
[Date "2013.07.28"]
[Round "2.49"]
[White "Andreasen, Jakup A.R"]
[Black "Thuesen, Mogens"]
[Result "0-1"]
[WhiteElo "2008"]
[BlackElo "2267"]
[PlyCount "92"]
[EventDate "2013.07.27"]

1. Nf3 c5 2. g3 Nf6 3. Bg2 Nc6 4. c4 d5 5. cxd5 Nxd5 6. Nc3 Nc7 7. b3 e5 8. Bb2
Be7 9. Rc1 b6 10. O-O O-O 11. Qc2 Be6 12. Qb1 Qd7 13. Rfd1 f5 14. e3 Rac8 15.
d4 cxd4 16. exd4 e4 17. Ne1 Nd5 18. Nxd5 Bxd5 19. Nc2 f4 20. gxf4 Rxf4 21. Ne3
Rcf8 22. Rc2 Bh4 23. Rf1 R8f6 24. Qd1 Nb4 25. Rd2 Rg6 26. a3 Nd3 27. Qh5 Bf7
28. Qe2 Bxf2+ 29. Kh1 Bxe3 30. Qxe3 Rxf1+ 31. Bxf1 Bxb3 32. Bh3 Qf7 33. Bc3 Bd5
34. Bg2 Rf6 35. h3 h6 36. Kg1 Qg6 37. Kh2 Qf5 38. Rc2 Rc6 39. Qg3 Bb3 40. Re2
Rxc3 41. Rxe4 Rc2 42. Kg1 Kh7 43. Re3 Bd5 44. Bxd5 Rc1+ 45. Kh2 Qxd5 46. Rxd3
Rh1# 0-1

[Event "Politiken Cup 2013"]
[Site "Helsingør "]
[Date "2013.07.28"]
[Round "2.50"]
[White "Nielsen, Lars Aaes"]
[Black "Jensen, Soren Holm"]
[Result "1-0"]
[WhiteElo "2265"]
[BlackElo "2004"]
[PlyCount "117"]
[EventDate "2013.07.27"]

1. e4 e5 2. Bc4 Nc6 3. d3 Nf6 4. Nc3 Na5 5. Bb3 Nxb3 6. axb3 Bc5 7. Nf3 d6 8.
Na4 Qe7 9. h3 h6 10. Bd2 Nd7 11. b4 Bb6 12. Nxb6 Nxb6 13. Be3 Bd7 14. Bxb6 cxb6
15. O-O O-O 16. d4 a5 17. bxa5 bxa5 18. Re1 Bc6 19. Qd2 b6 20. dxe5 dxe5 21.
Qc3 Bb7 22. Qxe5 Qxe5 23. Nxe5 Rfe8 24. Nc4 Rxe4 25. Nxb6 Ra6 26. Nd7 Rb4 27.
b3 Rc6 28. c4 g6 29. Rxa5 Rxb3 30. Nc5 Rb2 31. Re8+ Kg7 32. Rb8 Rc7 33. Kh2 Rb1
34. Nxb7 Rbxb7 35. Rxb7 Rxb7 36. Kg3 Rb3+ 37. Kf4 Rb4 38. Rc5 Rb2 39. Ke3 Kf6
40. Rc6+ Ke7 41. g3 Rc2 42. h4 h5 43. Rc8 Kd7 44. Rc5 Ke6 45. f3 Rc3+ 46. Kf4
Rc1 47. Re5+ Kf6 48. Re4 Rc3 49. g4 hxg4 50. fxg4 Rh3 51. g5+ Kg7 52. Ke5 Rc3
53. Kd5 f5 54. gxf6+ Kxf6 55. c5 Kf5 56. Rc4 Rd3+ 57. Rd4 Re3 58. c6 Rc3 59.
Kd6 1-0

[Event "Politiken Cup 2013"]
[Site "Helsingør "]
[Date "2013.07.28"]
[Round "2.51"]
[White "Lundberg, Roland"]
[Black "Rosenkilde, Alexander"]
[Result "0-1"]
[WhiteElo "1996"]
[BlackElo "2260"]
[PlyCount "80"]
[EventDate "2013.07.27"]

1. e4 c5 2. Nf3 Nc6 3. d4 cxd4 4. Nxd4 Nf6 5. Nc3 e5 6. Ndb5 d6 7. Bg5 a6 8.
Na3 b5 9. Bxf6 gxf6 10. Nd5 f5 11. c3 Bg7 12. Bd3 Be6 13. Nxb5 axb5 14. Bxb5
Bd7 15. exf5 O-O 16. O-O f6 17. Qd3 Kh8 18. Ne3 Qb8 19. a4 Rd8 20. Rad1 Be8 21.
Qd5 Qc8 22. Qf3 Ne7 23. Bxe8 Rxe8 24. Rxd6 Rxa4 25. g3 Ra2 26. Qh5 Rxb2 27. Re6
Rb8 28. Ng2 Nd5 29. c4 Rxe6 30. fxe6 Qxc4 31. Nh4 Ne7 32. Qf7 Qc5 33. Rd1 Rf8
34. Qh5 f5 35. h3 Bf6 36. Rd7 Qc1+ 37. Kh2 Qg5 38. Qe2 f4 39. Nf3 fxg3+ 40.
fxg3 Qf5 0-1

[Event "Politiken Cup 2013"]
[Site "Helsingør "]
[Date "2013.07.28"]
[Round "2.52"]
[White "Nilsen, Joachim Birger"]
[Black "Hinrichs, Lars"]
[Result "1-0"]
[WhiteElo "2259"]
[BlackElo "1997"]
[PlyCount "95"]
[EventDate "2013.07.27"]

1. d4 d5 2. Nf3 e6 3. c4 c5 4. cxd5 exd5 5. Nc3 Nc6 6. g3 Nf6 7. Bg2 Be7 8. O-O
O-O 9. Bg5 c4 10. Ne5 Be6 11. b3 Rc8 12. bxc4 dxc4 13. Nxc6 bxc6 14. Rc1 Qa5
15. Bxf6 Bxf6 16. e3 Rfd8 17. Qa4 Qc7 18. Rfd1 Be7 19. Rb1 a5 20. Bf1 Bb4 21.
Qc2 Bxc3 22. Qxc3 c5 23. d5 Bxd5 24. Bxc4 Bxc4 25. Qxc4 Rxd1+ 26. Rxd1 g6 27.
Rd5 Qb7 28. a3 Qc6 29. e4 Qe6 30. Kg2 h6 31. h3 Kg7 32. g4 Kg8 33. Kg3 Rb8 34.
f3 Rc8 35. Kg2 Qc6 36. a4 Qc7 37. e5 Qe7 38. Qa6 Rd8 39. Rd6 Rb8 40. e6 Rb2+
41. Kg3 Qc7 42. exf7+ Kxf7 43. Qc4+ Kg7 44. Qe6 Rb6 45. Qxg6+ Kf8 46. Qxh6+ Kg8
47. Qe6+ Kf8 48. Qf6+ 1-0

[Event "Politiken Cup 2013"]
[Site "Helsingør "]
[Date "2013.07.28"]
[Round "2.53"]
[White "Jensen, Tobias Ilsoe"]
[Black "Christensen, Bo Garner"]
[Result "1-0"]
[WhiteElo "1954"]
[BlackElo "2256"]
[PlyCount "41"]
[EventDate "2013.07.27"]

1. d4 Nf6 2. c4 c5 3. d5 b5 4. cxb5 a6 5. bxa6 Bxa6 6. Nc3 g6 7. g3 d6 8. Bg2
Bg7 9. Nf3 O-O 10. Rb1 Nbd7 11. O-O Qb6 12. b3 Rfb8 13. Qc2 Qb7 14. Rd1 Nb6 15.
e4 Nxe4 16. Nxe4 Nxd5 17. Nxd6 Qc6 18. Ne5 Qxd6 19. Rxd5 Qe6 20. Nf3 Rd8 21.
Be3 1-0

[Event "Politiken Cup 2013"]
[Site "Helsingør "]
[Date "2013.07.28"]
[Round "2.60"]
[White "Haldorsen, Benjamin"]
[Black "Bach, Matthias"]
[Result "0-1"]
[WhiteElo "1983"]
[BlackElo "2251"]
[PlyCount "104"]
[EventDate "2013.07.27"]

1. e4 d6 2. d4 Nd7 3. Nf3 c5 4. c4 cxd4 5. Nxd4 b6 6. Nc3 Bb7 7. Be2 Ngf6 8. f3
e6 9. Ndb5 Qb8 10. Bf4 Ne5 11. Qd2 a6 12. Na3 Be7 13. O-O O-O 14. Rfd1 Rd8 15.
Be3 Bc6 16. Qd4 Ned7 17. Nc2 Qc7 18. Rac1 Rac8 19. b4 Ne8 20. Bf2 Ba8 21. Na4
Bg5 22. Ne3 Rb8 23. Nc3 Ne5 24. g3 Nc6 25. Qd2 Nxb4 26. Ncd5 Nxd5 27. cxd5 Qb7
28. f4 Bf6 29. Nc4 b5 30. Na5 Qe7 31. Nc6 Bxc6 32. Rxc6 exd5 33. exd5 a5 34.
Bg4 h5 35. Bh3 b4 36. Bb6 Rxb6 37. Rxb6 Bc3 38. Qd3 Nf6 39. Bg2 Nd7 40. Rc6 Nc5
41. Qf3 a4 42. a3 Qa7 43. Kh1 Qa5 44. axb4 Qxb4 45. Qe2 a3 46. Qa2 Bb2 47. Rb1
Re8 48. h3 h4 49. Rf1 Re1 50. Rxd6 hxg3 51. Rc6 Rxf1+ 52. Bxf1 Qe4+ 0-1

[Event "Politiken Cup 2013"]
[Site "Helsingør "]
[Date "2013.07.28"]
[Round "2.61"]
[White "Fossan, Petter"]
[Black "Oe, Oluf"]
[Result "1-0"]
[WhiteElo "2245"]
[BlackElo "1992"]
[PlyCount "79"]
[EventDate "2013.07.27"]

1. e4 e5 2. Bc4 Nf6 3. d3 Nc6 4. Nf3 Be7 5. O-O O-O 6. Bb3 d5 7. exd5 Nxd5 8.
Re1 Bf6 9. h3 Re8 10. Nbd2 g6 11. Ne4 Be6 12. Nc5 b6 13. Ba4 Bd7 14. Nxd7 Qxd7
15. Bd2 a6 16. c4 Nf4 17. d4 Nxh3+ 18. gxh3 exd4 19. Nh2 Rxe1+ 20. Bxe1 Re8 21.
Qf3 Re6 22. Bd2 Qd6 23. Ng4 Bg7 24. Nh6+ Bxh6 25. Bxh6 g5 26. Bxg5 Ne5 27. Qa8+
Kg7 28. Kh1 Nxc4 29. Bb3 b5 30. Rg1 Rg6 31. Qf3 d3 32. Bxc4 bxc4 33. Bd2 Rxg1+
34. Kxg1 Qe6 35. Bc3+ f6 36. Qg3+ Kf8 37. Bb4+ Ke8 38. Qxc7 d2 39. Bxd2 Qxh3
40. Qxc4 1-0

[Event "Politiken Cup 2013"]
[Site "Helsingør "]
[Date "2013.07.28"]
[Round "2.62"]
[White "Merkesvik, Sondre"]
[Black "Jorgensen, Dennis"]
[Result "1/2-1/2"]
[WhiteElo "1980"]
[BlackElo "2245"]
[PlyCount "131"]
[EventDate "2013.07.27"]

1. Nf3 Nf6 2. g3 d5 3. Bg2 c6 4. O-O Bg4 5. d4 e6 6. c4 Nbd7 7. b3 Bd6 8. Bb2
Qb8 9. Nc3 O-O 10. Qd2 h6 11. Rfe1 Re8 12. e4 dxe4 13. Nxe4 Nxe4 14. Rxe4 Bf5
15. Re3 Qc7 16. Rd1 Rad8 17. Qe1 Qb8 18. Bc3 Bg4 19. Rd2 Be7 20. Qa1 Bf6 21.
Re1 Qc7 22. Ne5 Nxe5 23. dxe5 Bg5 24. f4 Be7 25. Be4 Rd7 26. Kg2 Red8 27. Rxd7
Qxd7 28. Qb1 Bc5 29. h3 Bd1 30. b4 Bb6 31. c5 Bc7 32. Re3 Qe8 33. Rd3 Be2 34.
Rd4 Rxd4 35. Bxd4 Qd7 36. Qb2 Bc4 37. a3 Bd5 38. Qc2 Bd8 39. Kf2 g5 40. Ke3 Kf8
41. Qg2 gxf4+ 42. gxf4 Bxe4 43. Qxe4 Bh4 44. Qf3 Ke7 45. Kd3 Kd8 46. Kc4 Kc7
47. a4 a6 48. Qe4 Bg3 49. Kd3 h5 50. Ke2 Qd8 51. Be3 Qd7 52. Qd3 Qxd3+ 53. Kxd3
Kd7 54. Kc4 Be1 55. b5 cxb5+ 56. axb5 axb5+ 57. Kxb5 Kc7 58. Bc1 Bf2 59. Bd2
Bd4 60. Ba5+ Kc8 61. Bd2 Kc7 62. Ba5+ Kd7 63. Bd2 Kc7 64. Ba5+ Kc8 65. Bd2 Kd7
66. Bc1 1/2-1/2

[Event "Politiken Cup 2013"]
[Site "Helsingør "]
[Date "2013.07.28"]
[Round "2.63"]
[White "Grant, Jonathan I M"]
[Black "Rolvaag, Birk Anders"]
[Result "1-0"]
[WhiteElo "2235"]
[BlackElo "1988"]
[PlyCount "81"]
[EventDate "2013.07.27"]

1. c4 c5 2. g3 g6 3. Bg2 Bg7 4. Nc3 Nc6 5. e4 d6 6. d3 e5 7. Nge2 Nge7 8. O-O
O-O 9. Nd5 Nxd5 10. cxd5 Nd4 11. Nxd4 cxd4 12. f4 f5 13. Qb3 b6 14. fxe5 Bxe5
15. Bf4 Re8 16. Rac1 fxe4 17. dxe4 Ba6 18. Rf2 Qd7 19. Bxe5 dxe5 20. d6+ Qe6
21. d7 Re7 22. Qxe6+ Rxe6 23. Bh3 Rd6 24. Rc8+ Bxc8 25. dxc8=Q+ Rxc8 26. Bxc8
Rc6 27. Ba6 Rc1+ 28. Kg2 Re1 29. Bc4+ Kg7 30. Bd5 Re3 31. Rf7+ Kh6 32. Kf2 a5
33. a4 Kg5 34. Rf3 Rxf3+ 35. Kxf3 Kf6 36. Ke2 Ke7 37. Kd3 Kd6 38. Kc4 Kc7 39.
Bg8 h6 40. Bf7 g5 41. Kd5 1-0

[Event "Politiken Cup 2013"]
[Site "Helsingør "]
[Date "2013.07.28"]
[Round "2.64"]
[White "Jensen, Ib"]
[Black "Louis, Thibault"]
[Result "0-1"]
[WhiteElo "1977"]
[BlackElo "2222"]
[PlyCount "78"]
[EventDate "2013.07.27"]

1. d4 e6 2. Nf3 Nf6 3. Bf4 c5 4. e3 b6 5. Bd3 Bb7 6. Nbd2 cxd4 7. exd4 Be7 8.
O-O O-O 9. Re1 d6 10. h3 Nbd7 11. Qe2 Rc8 12. c3 Re8 13. Rad1 Qc7 14. Nf1 Bf8
15. Bg3 g6 16. Bb5 Ne4 17. N3d2 Nxg3 18. Nxg3 Bg7 19. Nde4 h6 20. Qd3 d5 21.
Nd2 e5 22. Ne2 e4 23. Qg3 a6 24. Qxc7 Rxc7 25. Ba4 b5 26. Bb3 Nb6 27. Nf4 Bf6
28. g3 Bg5 29. Ng2 a5 30. f4 Be7 31. a3 Kg7 32. Nb1 Rec8 33. Ne3 f5 34. Re2 Bd6
35. h4 Kf6 36. Rf1 b4 37. Rc2 a4 38. Nxd5+ Bxd5 39. Bxd5 Nxd5 0-1

[Event "Politiken Cup 2013"]
[Site "Helsingør "]
[Date "2013.07.28"]
[Round "2.65"]
[White "Henriksen, Geir"]
[Black "Quinn, David"]
[Result "1-0"]
[WhiteElo "2215"]
[BlackElo "1983"]
[PlyCount "131"]
[EventDate "2013.07.27"]

1. c4 Nf6 2. g3 g6 3. Bg2 Bg7 4. Nc3 c5 5. Nf3 Nc6 6. d4 d6 7. dxc5 dxc5 8.
Qxd8+ Nxd8 9. Be3 b6 10. O-O-O Bb7 11. h3 O-O 12. Rd2 Ne6 13. Rhd1 Rfd8 14. Nd5
Nxd5 15. cxd5 Nc7 16. Ne1 Nb5 17. Bg5 Rd7 18. e4 c4 19. Rc2 Rc8 20. h4 c3 21.
b3 e6 22. dxe6 Rxd1+ 23. Kxd1 fxe6 24. f3 Na3 25. Bf1 Nxc2 26. Kxc2 Be5 27. Bc4
Kf7 28. Nd3 Bxg3 29. a4 a6 30. Nc1 Be5 31. Be3 Rd8 32. Nd3 Bg3 33. Bxb6 Rd6 34.
Bc5 Rc6 35. b4 Bxh4 36. Ne5+ Ke8 37. Nxc6 Bxc6 38. b5 axb5 39. axb5 Bd7 40. Bd6
Bf2 41. Kxc3 h5 42. Kd2 g5 43. Bc7 g4 44. fxg4 hxg4 45. Ke2 g3 46. Kf3 Bc8 47.
Bxg3 Bb6 48. Bd6 Kd7 49. e5 Ke8 50. Ke2 Kd7 51. Kd3 Bb7 52. Kc3 Bf3 53. Bd3
Ba5+ 54. Kd4 Bb6+ 55. Bc5 Bc7 56. Ba7 Bb7 57. Bc5 Bb8 58. Bb6 Bf3 59. Be4 Be2
60. Bc6+ Kc8 61. Bc5 Bf1 62. b6 Ba6 63. Bd6 Bb7 64. Bxb7+ Kxb7 65. Kc5 Kc8 66.
Kc6 1-0